000 00598nam a2200229 a 4500
001 BRCA_7383
005 20190320205821.0
008 150313s1937----mx-a######---#000-0#spa-#
041 _aspa
044 _amx
050 4 _aN6555
_b.E88 1937
100 1 _aEstrada, Genaro
_d1887-1937
_97738
245 1 0 _aEl arte mexicano en España
_cGenaro Estrada.
260 _aMéxico
_bPorrúa
_c1937
300 _a62 p.
_bil.
440 0 _aEnciclopedia Ilustrada Mexicana
_v5
_912018
500 _aQ88
650 1 4 _aArte mexicano
_92321
650 1 4 _aArte
_zEspaña
_92064
902 _aGFM
942 _2lcc
_cB
999 _c7059
_d7059